Wings of Fire Characters - The Dragonet Prophecy - Statistics

General Stats
  • This quiz has been taken 64 times
  • The average score is 21 of 29
Answer Stats
Hint Answer % Correct
Mudwing Clay
100%
Rainwing Glory
100%
Nightwing Starflight
100%
Sandwing-Nightwing Sunny
100%
Seawing Tsunami
100%
Sandwing Dune
95%
Skywing Kestrel
95%
Skywing Peril
93%
Seawing Webs
90%
Skywing Queen Scarlet
88%
Nightwing Morrowseer
80%
Icewing Fjord
76%
Mudwing Umber
76%
Sandwing Burn
73%
Sandwing Blaze
71%
Sandwing Blister
71%
Mudwing Reed
68%
Mudwing Sora
68%
Skywing Vermillion
68%
Seawing Gill
63%
Mudwing Cattail
59%
Mudwing Crane
59%
Icewing Hvitur
59%
Mudwing Asha
56%
Mudwing Marsh
54%
Mudwing Pheasant
54%
Seawing Queen Coral
49%
Mudwing Queen Moorhen
29%
Sandwing Queen Oasis
24%
No matching quizzes found
Score Distribution
Percent of People with Each Score
Percentile by Number Answered
Your Score History
You have not taken this quiz